000
00482nam a2200181Ia 4500
008
090124s9999 xx 000 0 und d
082
_b
112672
100
_a
पगारे हरिभाऊ
245
_a
कालिंदी
250
_a
1
260
_c
1968
300
_a
88
600
_a
पगारे हरिभाऊ
630
_a
कालिंदी
700
_a
पगारे हरिभाऊ
730
_a
कालिंदी
942
_c
BOOK
999
_c
158763
_d
158763